[Event "Mecklenburg VP LL2 Ost 1819"]
[Site "Mecklenburg VP"]
[Date "2019.04.07"]
[Round "9.4"]
[White "Pawlowicz, Karsten"]
[Black "Richter, Frank"]
[Result "1/2-1/2"]
[WhiteElo "1635"]
[BlackElo "1754"]
[PlyCount "80"]
[EventDate "2018.10.21"]
[EventType "team-tourn"]
[EventRounds "9"]
[EventCountry "GER"]
[SourceTitle "EXT 2022"]
[Source "ChessBase"]
[SourceDate "2021.10.06"]
[SourceVersion "1"]
[SourceVersionDate "2021.10.06"]
[SourceQuality "1"]
[WhiteTeam "Bergen Rugia"]
[BlackTeam "Waterkant Saal SV"]
[WhiteTeamCountry "GER"]
[BlackTeamCountry "GER"]

1. Nf3 Nf6 2. d4 e6 3. g3 d5 4. Bg2 Be7 5. Bd2 0-0 6. 0-0 Ne4 7. Nc3 Nxd2 8. Nxd2 Nd7 9. e4 dxe4 10. Ncxe4 Nf6 11. Nxf6+ Bxf6 12. c3 Rb8 13. Ne4 Be7 14. Qc2 b6 15. Nd2 c5 16. dxc5 Bxc5 17. Ne4 Be7 18. Rfd1 Qc7 19. Rd4 e5 20. Rdd1 Be6 21. Nd2 b5 22. Qe4 Rfc8 23. Bf1 f6 24. Bd3 g6 25. Qe2 Qb6 26. h4 Rd8 27. a4 a6 28. axb5 axb5 29. c4 b4 30. b3 Kg7 31. Rac1 h5 32. Be4 Rbc8 33. Bf3 Rd4 34. Ne4 Rcd8 35. Rxd4 Rxd4 36. Rd1 Qd8 37. Kg2 Bf5 38. Rxd4 Qxd4 39. Qe3 Bxe4 40. Qxe4 Qxe4 1/2-1/2

[Event "Mecklenburg VP LL2 Ost 1819"]
[Site "Mecklenburg VP"]
[Date "2019.03.24"]
[Round "8.4"]
[White "Horch, Helmut"]
[Black "Pawlowicz, Karsten"]
[Result "1-0"]
[WhiteElo "1760"]
[BlackElo "1635"]
[PlyCount "37"]
[EventDate "2018.10.21"]
[EventType "team-tourn"]
[EventRounds "9"]
[EventCountry "GER"]
[SourceTitle "EXT 2022"]
[Source "ChessBase"]
[SourceDate "2021.10.06"]
[SourceVersion "1"]
[SourceVersionDate "2021.10.06"]
[SourceQuality "1"]
[WhiteTeam "Binz Therme Ruegen"]
[BlackTeam "Bergen Rugia"]
[WhiteTeamCountry "GER"]
[BlackTeamCountry "GER"]

1. d4 d5 2. e3 e6 3. Nf3 Nf6 4. Nbd2 g6 5. Be2 Bg7 6. c4 dxc4 7. Nxc4 0-0 8. 0-0 Nbd7 9. b3 a6 10. Ba3 Re8 11. Qc2 b5 12. Nce5 Nxe5 13. Nxe5 Bb7 14. Nc6 Bxc6 15. Qxc6 Nd5 16. Bf3 Bf8 17. Bxf8 Kxf8 18. Rfc1 Ra7 19. Qc5+ 1-0

[Event "MVP-ch Seniors op 17th"]
[Site "Binz"]
[Date "2017.12.03"]
[Round "5.59"]
[White "Pawlowicz, Karsten"]
[Black "Wraga, Teresa"]
[Result "1-0"]
[WhiteElo "1837"]
[BlackElo "1659"]
[PlyCount "100"]
[EventDate "2017.11.29"]
[EventType "swiss"]
[EventRounds "9"]
[EventCountry "GER"]
[SourceTitle "EXT 2019"]
[Source "ChessBase"]
[SourceDate "2018.10.10"]
[SourceVersion "1"]
[SourceVersionDate "2018.10.10"]
[SourceQuality "1"]

1. e4 d6 2. d4 Nf6 3. Nc3 g6 4. Be3 c6 5. h3 b5 6. a3 a6 7. Nf3 Bg7 8. e5 Nd5 9. Nxd5 cxd5 10. Qd2 Nc6 11. Bh6 0-0 12. Bxg7 Kxg7 13. Bd3 dxe5 14. dxe5 e6 15. c3 Na5 16. Qc2 Qc7 17. 0-0-0 Nc6 18. Rhe1 Bd7 19. Qd2 Rfe8 20. Qg5 Qd8 21. Qxd8 Rexd8 22. Nd4 Nxd4 23. cxd4 Rdc8+ 24. Kd2 Rc7 25. Rc1 Rxc1 26. Rxc1 Rc8 27. Rc5 Rxc5 28. dxc5 Bc6 29. a4 Kf8 30. axb5 axb5 31. f3 Ke7 32. Kc3 Kd7 33. Kb4 Kc7 34. Bxb5 d4 35. Bd3 Bd5 36. Kb5 Bb3 37. Kb4 Bd5 38. h4 h5 39. Bb5 Bc6 40. Bd3 Bd5 41. Ka5 Bb3 42. Bb5 Bc2 43. Kb4 Bf5 44. Kc4 d3 45. Kc3 d2 46. Kxd2 Bb1 47. Ke3 Ba2 48. Kf4 Bd5 49. Kg5 Bc6 50. Bxc6 Kxc6 1-0

[Event "MVP-ch Seniors op 17th"]
[Site "Binz"]
[Date "2017.12.02"]
[Round "4.38"]
[White "Meyer, Irmin"]
[Black "Pawlowicz, Karsten"]
[Result "1-0"]
[WhiteElo "2034"]
[BlackElo "1837"]
[PlyCount "43"]
[EventDate "2017.11.29"]
[EventType "swiss"]
[EventRounds "9"]
[EventCountry "GER"]
[SourceTitle "EXT 2019"]
[Source "ChessBase"]
[SourceDate "2018.10.10"]
[SourceVersion "1"]
[SourceVersionDate "2018.10.10"]
[SourceQuality "1"]

1. e4 c5 2. c3 Nc6 3. d4 d6 4. d5 Ne5 5. f4 Ng6 6. Nf3 e6 7. dxe6 fxe6 8. Ng5 Be7 9. Bb5+ Kf8 10. Bc4 Bxg5 11. fxg5 Ne5 12. 0-0+ Ke7 13. Be2 Kd7 14. Bf4 Kc7 15. Bxe5 dxe5 16. Na3 a6 17. Rf7+ Ne7 18. Nc4 b5 19. Nxe5 g6 20. Qf1 h6 21. Rd1 Qe8 22. Qf6 1-0

[Event "Mecklenburg VP LL2 Ost 1516"]
[Site "Mecklenburg VP"]
[Date "2016.03.13"]
[Round "7.4"]
[White "Vlach, Michael"]
[Black "Pawlowicz, Karsten"]
[Result "1/2-1/2"]
[WhiteElo "1613"]
[BlackElo "1619"]
[PlyCount "105"]
[EventDate "2015.09.20"]
[EventType "team-tourn"]
[EventRounds "9"]
[EventCountry "GER"]
[SourceTitle "EXT 2022"]
[Source "ChessBase"]
[SourceDate "2021.10.06"]
[SourceVersion "1"]
[SourceVersionDate "2021.10.06"]
[SourceQuality "1"]
[WhiteTeam "Stralsund FHSG II"]
[BlackTeam "Bergen Rugia"]
[WhiteTeamCountry "GER"]
[BlackTeamCountry "GER"]

1. d4 d5 2. c4 dxc4 3. Qa4+ c6 4. Qxc4 Qd5 5. e3 Qxc4 6. Bxc4 Bf5 7. Nc3 e6 8. a3 Nd7 9. Nge2 Nb6 10. Bb3 Bd3 11. 0-0 Nf6 12. Rd1 Bxe2 13. Nxe2 g6 14. Bc2 Bg7 15. b4 0-0 16. Bb3 Nbd5 17. f3 a5 18. Bd2 axb4 19. axb4 Nd7 20. Kf2 N7b6 21. Rdc1 Rxa1 22. Rxa1 Ra8 23. Rxa8+ Nxa8 24. Nc1 e5 25. dxe5 Bxe5 26. Nd3 Bd6 27. e4 Ne7 28. Be3 Bc7 29. Nc5 b6 30. Nd7 h5 31. Bg5 Bd6 32. Bd2 c5 33. bxc5 Bxc5+ 34. Nxc5 bxc5 35. Be3 Nc7 36. Bxc5 Nc6 37. Ke3 Ne6 38. Bd5 Nxc5 39. Bxc6 Kg7 40. h4 Kf6 41. Be8 Ke7 42. Bb5 Ne6 43. Bc4 Nc7 44. Kf4 Ne8 45. Kg5 Nd6 46. Bb3 Nb5 47. Bd5 Nd6 48. Bb3 Nb5 49. e5 Nd4 50. Ba2 Nf5 51. e6 fxe6 52. Kxg6 Nxh4+ 53. Kxh5 1/2-1/2

[Event "Mecklenburg VP LL2 Ost 1516"]
[Site "Mecklenburg VP"]
[Date "2015.11.15"]
[Round "3.4"]
[White "Pawlowicz, Karsten"]
[Black "Richter, Frank"]
[Result "1/2-1/2"]
[WhiteElo "1619"]
[BlackElo "1711"]
[PlyCount "33"]
[EventDate "2015.09.20"]
[EventType "team-tourn"]
[EventRounds "9"]
[EventCountry "GER"]
[SourceTitle "EXT 2022"]
[Source "ChessBase"]
[SourceDate "2021.10.06"]
[SourceVersion "1"]
[SourceVersionDate "2021.10.06"]
[SourceQuality "1"]
[WhiteTeam "Bergen Rugia"]
[BlackTeam "Waterkant Saal SV"]
[WhiteTeamCountry "GER"]
[BlackTeamCountry "GER"]

1. e4 c6 2. Nf3 d5 3. exd5 cxd5 4. d4 Nf6 5. c3 e6 6. Bg5 Be7 7. Bxf6 Bxf6 8. Bb5+ Bd7 9. Bxd7+ Nxd7 10. Nbd2 0-0 11. Qb3 Qb6 12. Qxb6 Nxb6 13. 0-0 Rac8 14. Rfe1 Na4 15. Rab1 Rfd8 16. Ne5 h6 17. f4 1/2-1/2

[Event "Mecklenburg VP LL2 Ost 1415"]
[Site "Mecklenburg VP"]
[Date "2015.04.26"]
[Round "9.5"]
[White "Pawlowicz, Karsten"]
[Black "Rossmann, Andreas"]
[Result "0-1"]
[WhiteElo "1592"]
[BlackElo "1941"]
[PlyCount "58"]
[EventDate "2014.09.21"]
[EventType "team-tourn"]
[EventRounds "9"]
[EventCountry "GER"]
[SourceTitle "EXT 2022"]
[Source "ChessBase"]
[SourceDate "2021.10.06"]
[SourceVersion "1"]
[SourceVersionDate "2021.10.06"]
[SourceQuality "1"]
[WhiteTeam "Bergen Rugia"]
[BlackTeam "Neubrandenburg SG Eintracht"]
[WhiteTeamCountry "GER"]
[BlackTeamCountry "GER"]

1. e4 c5 2. Nf3 Nc6 3. d4 cxd4 4. Nxd4 Nf6 5. Nxc6 bxc6 6. Bd3 e5 7. Bg5 Be7 8. Bxf6 Bxf6 9. c3 0-0 10. 0-0 d5 11. exd5 cxd5 12. Nd2 Re8 13. Nb3 Qb6 14. Be2 Rb8 15. Bg4 Bb7 16. Qc2 a5 17. Nd2 Ba6 18. Rfb1 Qc6 19. Nf1 d4 20. Bf5 g6 21. Be4 d3 22. Bxc6 dxc2 23. Rc1 Rxb2 24. Ne3 Bd3 25. Ba4 Bg5 26. Re1 Bxe3 27. Rxe3 Rb1+ 28. Re1 Rd8 29. Bxc2 Rxa1 0-1

[Event "MVP-ch Seniors op 14th"]
[Site "Binz"]
[Date "2014.12.01"]
[Round "7"]
[White "Pawlowicz, Karsten"]
[Black "Goertz, Hans Georg"]
[Result "1/2-1/2"]
[WhiteElo "1592"]
[BlackElo "1734"]
[PlyCount "87"]
[EventDate "2014.11.25"]
[EventType "swiss"]
[EventRounds "9"]
[EventCountry "GER"]
[SourceTitle "EXT 2016"]
[Source "ChessBase"]
[SourceDate "2015.10.08"]
[SourceVersion "1"]
[SourceVersionDate "2015.10.08"]
[SourceQuality "1"]

1. e4 c5 2. Nf3 d6 3. d4 cxd4 4. Nxd4 a6 5. Nc3 e5 6. Nf3 Nf6 7. Bg5 Be7 8. Bxf6 Bxf6 9. Nd5 Be6 10. c3 Nd7 11. Nxf6+ Nxf6 12. Qa4+ b5 13. Qb4 Qb6 14. h3 0-0 15. Bd3 Rac8 16. b3 Rc5 17. Rc1 Rfc8 18. c4 a5 19. Qa3 bxc4 20. bxc4 Bxc4 21. Bxc4 Rxc4 22. 0-0 Qb4 23. Rxc4 Rxc4 24. Qd3 Qc5 25. Rb1 g6 26. Nd2 Rc3 27. Qf1 Rc2 28. Nb3 Qc3 29. Qa6 Rxa2 30. Qxd6 Qc2 31. Nd2 Rb2 32. Rxb2 Qxb2 33. Qxf6 Qxd2 34. Qxe5 Qb4 35. Qe8+ Qf8 36. Qb5 Qa8 37. f3 a4 38. Qb2 a3 39. Qa2 Qa4 40. Kh2 Qb4 41. e5 Qb2 42. Qd5 a2 43. Qd8+ Kg7 44. Qf6+ 1/2-1/2

[Event "Mecklenburg VP LL2 Ost 1314"]
[Site "Mecklenburg VP"]
[Date "2014.04.06"]
[Round "8.7"]
[White "Boesenberg, Heiko"]
[Black "Pawlowicz, Karsten"]
[Result "1-0"]
[WhiteElo "1590"]
[BlackElo "1558"]
[PlyCount "65"]
[EventDate "2013.10.27"]
[EventType "team-tourn"]
[EventRounds "9"]
[EventCountry "GER"]
[SourceTitle "EXT 2022"]
[Source "ChessBase"]
[SourceDate "2021.10.06"]
[SourceVersion "1"]
[SourceVersionDate "2021.10.06"]
[SourceQuality "1"]
[WhiteTeam "Wolgast Motor"]
[BlackTeam "Bergen Rugia"]
[WhiteTeamCountry "GER"]
[BlackTeamCountry "GER"]

1. d4 d5 2. c4 dxc4 3. Nc3 c6 4. e3 b5 5. a4 b4 6. Ne4 Bf5 7. Qf3 Bxe4 8. Qxe4 Qd5 9. Qc2 a5 10. Nf3 e6 11. Bxc4 Qf5 12. e4 Qg4 13. 0-0 Nf6 14. Re1 Nfd7 15. d5 Be7 16. dxe6 fxe6 17. Nd4 Nc5 18. f3 Qg6 19. Be3 0-0 20. Nxe6 Nxe6 21. Qb3 Kh8 22. Bxe6 Rxf3 23. Bf5 Rxf5 24. exf5 Qxf5 25. Rf1 Qg6 26. Rf7 Bd6 27. Bd4 Na6 28. Bxg7+ Qxg7 29. Rxg7 Kxg7 30. Rf1 Ra7 31. Qe6 Bc5+ 32. Kh1 Bd4 33. Qg4+ 1-0

[Event "Mecklenburg VP LL2 Ost 1314"]
[Site "Mecklenburg VP"]
[Date "2013.12.15"]
[Round "4.8"]
[White "Pawlowicz, Karsten"]
[Black "Zibell, Walter"]
[Result "1/2-1/2"]
[WhiteElo "1558"]
[BlackElo "1782"]
[PlyCount "53"]
[EventDate "2013.10.27"]
[EventType "team-tourn"]
[EventRounds "9"]
[EventCountry "GER"]
[SourceTitle "EXT 2022"]
[Source "ChessBase"]
[SourceDate "2021.10.06"]
[SourceVersion "1"]
[SourceVersionDate "2021.10.06"]
[SourceQuality "1"]
[WhiteTeam "Bergen Rugia"]
[BlackTeam "Neubrandenburg SG Eintracht"]
[WhiteTeamCountry "GER"]
[BlackTeamCountry "GER"]

1. c4 Nf6 2. d4 g6 3. Nc3 Bg7 4. e4 d6 5. Be3 0-0 6. h3 e5 7. d5 Ne8 8. Bd3 f5 9. exf5 gxf5 10. Qc2 e4 11. Nxe4 fxe4 12. Bxe4 Nf6 13. Bd3 Nbd7 14. Nf3 Ne5 15. Nxe5 dxe5 16. g4 e4 17. Be2 Qe7 18. 0-0-0 Bd7 19. g5 Ne8 20. c5 Bf5 21. Qb3 Kh8 22. Qxb7 Qd8 23. Rd2 Be5 24. h4 Ng7 25. h5 Rb8 26. Qa6 Bc8 27. Qa4 1/2-1/2

[Event "MVP-ch Seniors op 13th"]
[Site "Binz"]
[Date "2013.11.30"]
[Round "4"]
[White "Pawlowicz, Karsten"]
[Black "Krieg, Peter"]
[Result "0-1"]
[WhiteElo "1588"]
[BlackElo "1742"]
[PlyCount "102"]
[EventDate "2013.11.27"]
[EventType "swiss"]
[EventRounds "9"]
[EventCountry "GER"]
[SourceTitle "EXT 2015"]
[Source "ChessBase"]
[SourceDate "2014.11.20"]
[SourceVersion "1"]
[SourceVersionDate "2014.11.20"]
[SourceQuality "1"]

1. c4 e5 2. Nc3 Nf6 3. e3 Nc6 4. g3 d5 5. cxd5 Nxd5 6. Bg2 Be6 7. a3 Be7 8. Nxd5 Bxd5 9. Nf3 e4 10. Nd4 Nxd4 11. exd4 Bc6 12. 0-0 Qxd4 13. Qg4 0-0 14. d3 f5 15. Qf4 Bd6 16. Qe3 Qxe3 17. Bxe3 Bb5 18. dxe4 Bxf1 19. Kxf1 f4 20. gxf4 Bxf4 21. Bc5 Rfe8 22. h3 h6 23. Bb4 Rad8 24. Bc3 Bd2 25. Ke2 Bxc3 26. bxc3 Re5 27. f4 Rb5 28. Bf1 Rb2+ 29. Kf3 Rc2 30. c4 Rdd2 31. Kg4 Ra2 32. Re1 Rxa3 33. e5 c5 34. e6 Kf8 35. Re5 Ra1 36. Be2 Rg1+ 37. Kf3 Ke7 38. Ke3 Rd4 39. f5 Rg3+ 40. Kf2 Rxh3 41. Rd5 a5 42. f6+ gxf6 43. Rd7+ Kxe6 44. Rxd4 cxd4 45. Bg4+ Kd6 46. Bxh3 Kc5 47. Bf1 Kb4 48. Kf3 Kc3 49. Ke4 a4 50. Bd3 a3 51. Bb1 Kb2 0-1

[Event "Mecklenburg VP LL2 Ost 1213"]
[Site "Mecklenburg VP"]
[Date "2013.03.17"]
[Round "7.8"]
[White "Schubert, Jens"]
[Black "Pawlowicz, Karsten"]
[Result "1/2-1/2"]
[WhiteElo "1491"]
[BlackElo "1591"]
[PlyCount "102"]
[EventDate "2012.10.14"]
[EventType "team-tourn"]
[EventRounds "9"]
[EventCountry "GER"]
[SourceTitle "EXT 2022"]
[Source "ChessBase"]
[SourceDate "2021.10.06"]
[SourceVersion "1"]
[SourceVersionDate "2021.10.06"]
[SourceQuality "1"]
[WhiteTeam "Neubrandenburg SV Turbine"]
[BlackTeam "Bergen Rugia"]
[WhiteTeamCountry "GER"]
[BlackTeamCountry "GER"]

1. e4 c5 2. c3 Nc6 3. d4 cxd4 4. cxd4 d6 5. Nf3 Nf6 6. Nc3 g6 7. Bc4 Na5 8. Bb5+ Bd7 9. Bxd7+ Qxd7 10. 0-0 Bg7 11. e5 Ng4 12. h3 Nh6 13. exd6 e6 14. Bf4 f6 15. Qe2 Kf7 16. Rac1 Rac8 17. Nb5 Nc6 18. Rc4 e5 19. dxe5 Nxe5 20. Bxe5 fxe5 21. Rfc1 Rxc4 22. Rxc4 Rc8 23. Rxc8 Qxc8 24. Nxe5+ Bxe5 25. Qxe5 Nf5 26. g4 Qc1+ 27. Kh2 Qf1 28. Qd5+ Kg7 29. Qxb7+ Kh6 30. g5+ Kh5 31. Qf3+ Kxg5 32. Qg2+ Qxg2+ 33. Kxg2 Kf6 34. Nxa7 Nxd6 35. Nc6 Ke6 36. Kf3 Nc4 37. b4 Kd5 38. b5 Nb6 39. Kf4 Kc5 40. Kg5 Kxb5 41. Ne5 Nd5 42. Nd7 Nc3 43. Nf8 Ne4+ 44. Kh6 Nxf2 45. h4 Nh3 46. Nxh7 Nf4 47. Nf8 Ng2 48. Nxg6 Nxh4 49. Ne5 Kb4 50. Nd3+ Ka3 51. Nc1 Nf5+ 1/2-1/2

[Event "GER Seniors Derby 08th"]
[Site "Wesel Undeloh"]
[Date "2009.04.19"]
[Round "7.13"]
[White "Dickmann, Hans Peter"]
[Black "Pawlowicz, Karsten"]
[Result "1/2-1/2"]
[WhiteElo "1754"]
[BlackElo "1606"]
[PlyCount "60"]
[EventDate "2009.04.16"]
[EventType "swiss"]
[EventRounds "7"]
[EventCountry "GER"]
[SourceTitle "EXT 2022"]
[Source "ChessBase"]
[SourceDate "2021.10.06"]
[SourceVersion "1"]
[SourceVersionDate "2021.10.06"]
[SourceQuality "1"]

1. d4 g6 2. c4 d6 3. Nc3 Bg7 4. e4 Nc6 5. Be3 Nf6 6. Bd3 0-0 7. f3 e5 8. d5 Nd4 9. Nge2 Nxe2 10. Nxe2 c5 11. 0-0 Bd7 12. a3 a6 13. b4 b6 14. Rb1 Qc7 15. Qc2 Rfb8 16. Rb2 Be8 17. Rfb1 Nd7 18. Nc3 Qd8 19. Rb3 Bf6 20. Qb2 Bg5 21. Bf2 Qc7 22. bxc5 bxc5 23. Be1 Be3+ 24. Kh1 Rxb3 25. Qxb3 Rb8 26. Qc2 Rxb1 27. Qxb1 Bg5 28. Na4 Kg7 29. Bc3 Kf8 30. Qe1 Qb7 1/2-1/2

[Event "GER Seniors Derby 08th"]
[Site "Wesel Undeloh"]
[Date "2009.04.18"]
[Round "6.19"]
[White "Pawlowicz, Karsten"]
[Black "Frackowiak, Stanislaw"]
[Result "1-0"]
[WhiteElo "1606"]
[BlackElo "1485"]
[PlyCount "55"]
[EventDate "2009.04.16"]
[EventType "swiss"]
[EventRounds "7"]
[EventCountry "GER"]
[SourceTitle "EXT 2022"]
[Source "ChessBase"]
[SourceDate "2021.10.06"]
[SourceVersion "1"]
[SourceVersionDate "2021.10.06"]
[SourceQuality "1"]

1. e4 c5 2. Bc4 Nc6 3. Nf3 Nf6 4. e5 Ng4 5. Bxf7+ Kxf7 6. Ng5+ Kg8 7. Qxg4 Nxe5 8. Qe4 d6 9. Qd5+ e6 10. Nxe6 Bxe6 11. Qxe6+ Nf7 12. 0-0 Qe7 13. Qxe7 Bxe7 14. Re1 Bf6 15. Nc3 h6 16. Nd5 Be5 17. d3 Kh7 18. f4 Bd4+ 19. Kf1 Rhe8 20. Rxe8 Rxe8 21. c3 Bf6 22. Bd2 Kg6 23. Kf2 Bd8 24. Kf3 Kf5 25. c4 Ke6 26. Bc3 g5 27. fxg5 Ne5+ 28. Bxe5 1-0

[Event "GER Seniors Derby 08th"]
[Site "Wesel Undeloh"]
[Date "2009.04.16"]
[Round "1.5"]
[White "Kolb, Wolfgang1111"]
[Black "Pawlowicz, Karsten"]
[Result "1-0"]
[WhiteElo "2068"]
[BlackElo "1606"]
[PlyCount "65"]
[EventDate "2009.04.16"]
[EventType "swiss"]
[EventRounds "7"]
[EventCountry "GER"]
[SourceTitle "EXT 2022"]
[Source "ChessBase"]
[SourceDate "2021.10.06"]
[SourceVersion "1"]
[SourceVersionDate "2021.10.06"]
[SourceQuality "1"]

1. e4 c5 2. Nc3 Nc6 3. f4 g6 4. Nf3 d6 5. Bc4 Be6 6. Bxe6 fxe6 7. Ng5 Qd7 8. Qg4 Nd4 9. Kd1 Nf6 10. Qh3 Nh5 11. d3 h6 12. Nf3 0-0-0 13. a4 Nxf3 14. Qxf3 d5 15. e5 Ng7 16. Qf2 d4 17. Ne4 Qd5 18. a5 Ne8 19. Ra4 Kb8 20. Rc4 Rc8 21. Bd2 b5 22. axb6 axb6 23. b4 g5 24. bxc5 bxc5 25. Ke2 Rc6 26. Rb1+ Kc8 27. Rb5 Nc7 28. Rbxc5 Rxc5 29. Nxc5 Nb5 30. Nxe6+ Kd7 31. Nxd4 Bg7 32. Rb4 Rb8 33. Nxb5 1-0